[Event "Tyros-Fermi"]
[Site "?"]
[Date "1999.03.04"]
[Round "?"]
[White "Buchner, B"]
[Black "Gomez, G"]
[Result "1-0"]
[WhiteElo "2044"]
[BlackElo "1658"]
[PlyCount "56"]
[EventDate "1999.??.??"]

1. Nf3 Nf6 2. g3 d5 3. Bg2 c5 4. O-O Nc6 5. d3 e6 6. Nbd2 Bd6 7. Re1 O-O 8. e4
Qc7 9. c3 b6 10. Qe2 dxe4 11. dxe4 Nd7 12. e5 Bxe5 13. Nxe5 Ndxe5 14. Ne4 Ng6
15. h4 Bb7 16. h5 Nge7 17. h6 g6 18. Nf6+ Kh8 19. Bf4 e5 20. Bxe5 Qxe5 21. Qxe5
Nxe5 22. Bxb7 Rab8 23. Bg2 N5c6 24. Nd7 Kg8 25. Nxb8 Rxb8 26. Rad1 Kf8 27. Rd7
Rc8 28. g4 Ng8 1-0

[Event "Fermi-Tyros"]
[Site "?"]
[Date "1999.03.04"]
[Round "?"]
[White "Gaines, I"]
[Black "Blazie, J"]
[Result "0-1"]
[WhiteElo "1741"]
[BlackElo "1719"]
[PlyCount "98"]
[EventDate "1999.??.??"]

1. d4 d5 2. c4 c6 3. Nc3 Nf6 4. Nf3 g6 5. Bg5 Bg7 6. e3 O-O 7. Bd3 Nbd7 8. O-O
Re8 9. Rc1 h6 10. Bh4 dxc4 11. Bxc4 Nb6 12. Bb3 Bf5 13. Re1 g5 14. Bg3 Ne4 15.
Nxe4 Bxe4 16. Ne5 e6 17. Qh5 Qe7 18. f3 Bh7 19. Ng4 Bg6 20. Qh3 Qf8 21. Be5
Bxe5 22. Nxh6+ Kg7 23. dxe5 Qh8 24. Ng4 Qxh3 25. gxh3 Rh8 26. Kg2 Rh4 27. f4
Be4+ 28. Kg3 Rah8 29. Nf2 gxf4+ 30. exf4 Bf5 31. Rh1 Bxh3 32. Nxh3 Rxh3+ 33.
Kg2 Re3 34. Rcf1 Rhh3 35. f5 Nd5 36. fxe6 fxe6 37. Bd1 Rh6 38. Re1 Nf4+ 39. Kf1
Rxe1+ 40. Kxe1 Nd3+ 41. Kd2 Nxe5 42. Bg4 Nxg4 43. h3 Nf6 44. Kd3 Rh4 45. Rg1+
Kf7 46. Rg3 b6 47. Kc2 a5 48. Rc3 Nd5 49. a3 Nxc3 0-1

[Event "Tyros-Fermi"]
[Site "?"]
[Date "1999.03.04"]
[Round "?"]
[White "Smith, B"]
[Black "Para, A"]
[Result "1-0"]
[WhiteElo "1548"]
[BlackElo "1545"]
[PlyCount "63"]
[EventDate "1999.??.??"]

1. Nf3 g6 2. c4 Bg7 3. Nc3 Nf6 4. g3 O-O 5. Bg2 d6 6. O-O Nc6 7. d3 Bg4 8. a3
a5 9. Qc2 Qd7 10. Re1 Rab8 11. Be3 Bxf3 12. Bxf3 Ne5 13. Bg2 c5 14. Rab1 Nfg4
15. Qd2 Nxe3 16. Qxe3 Ng4 17. Qd2 Qf5 18. Rf1 Qh5 19. h3 Ne5 20. b4 Bh6 21. Qc2
axb4 22. axb4 b6 23. Nd5 Rfe8 24. bxc5 bxc5 25. Rxb8 Rxb8 26. Nxe7+ Kf8 27. Nd5
Bg7 28. g4 Qh4 29. Rb1 Ra8 30. Qa4 Qd8 31. Qb5 Nd7 32. Qb3 {Bl flagged} 1-0

[Event "Reader-Aces"]
[Site "?"]
[Date "1999.03.11"]
[Round "?"]
[White "Atkinson, J"]
[Black "Czerniecki, K"]
[Result "1/2-1/2"]
[WhiteElo "1880"]
[BlackElo "2000"]
[PlyCount "62"]
[EventDate "1999.??.??"]

1. e4 g6 2. d4 Bg7 3. Nc3 d6 4. Be3 Nf6 5. Qd2 O-O 6. f3 Nc6 7. g4 e5 8. d5 Nd4
9. Bg2 a6 10. Nge2 Nxe2 11. Nxe2 b6 12. h4 h5 13. Bg5 Qe8 14. Bxf6 Bxf6 15.
gxh5 Qe7 16. O-O-O g5 17. Kb1 Kh7 18. hxg5 Bxg5 19. Qc3 Rg8 20. Bh3 Bh6 21.
Bxc8 Raxc8 22. Rdg1 Rg5 23. Rxg5 Qxg5 24. Rg1 Qe7 25. Rg4 Rg8 26. a3 a5 27. Ng3
Rxg4 28. fxg4 Qh4 29. Qf3 Bf4 30. Nf5 Qe1+ 31. Ka2 b5 1/2-1/2

[Event "Aces-Reader"]
[Site "?"]
[Date "1999.03.11"]
[Round "?"]
[White "Sagalovsky, L"]
[Black "Henderson, H"]
[Result "0-1"]
[WhiteElo "1977"]
[BlackElo "1831"]
[PlyCount "127"]
[EventDate "1999.??.??"]

1. e4 c5 2. Nf3 d6 3. d4 cxd4 4. Nxd4 Nf6 5. Nc3 g6 6. Bc4 Bg7 7. Be3 O-O 8. f3
Nc6 9. Qd2 Bd7 10. O-O-O Rc8 11. Bb3 Ne5 12. Bh6 Bxh6 13. Qxh6 Rxc3 14. bxc3 a5
15. a4 Qc7 16. Qe3 Nc4 17. Qe2 Rc8 18. g4 Qc5 19. Bxc4 Qxc4 20. Qxc4 Rxc4 21.
Nb3 Rxc3 22. e5 Ne8 23. Kb2 Rxf3 24. Nxa5 Bxa4 25. Nxb7 dxe5 26. Nc5 Bc6 27.
Rd8 Kg7 28. Rc8 Bd5 29. Rxe8 Rf4 30. Re1 Rb4+ 31. Nb3 Kf6 32. g5+ Ke6 33. Rd8
Bxb3 34. cxb3 Rg4 35. Rg8 Rg2+ 36. Kc3 Rxh2 37. Rg1 f5 38. gxf6 exf6 39. b4 Kd5
40. Rd8+ Kc6 41. Rgd1 f5 42. R1d5 Rh3+ 43. Kb2 e4 44. b5+ Kc7 45. R8d7+ Kb6 46.
R7d6+ Kb7 47. Rc5 e3 48. b6 Rh2+ 49. Kb3 Rd2 50. Rc7+ Ka6 51. b7+ Rxd6 52. b8=Q
Rb6+ 53. Qxb6+ Kxb6 54. Rxh7 Kc5 55. Kc3 Kd5 56. Re7 f4 57. Kd3 g5 58. Rg7 Ke5
59. Rxg5+ Kf6 60. Rb5 Ke6 61. Ke4 Kf6 62. Kf3 Ke6 63. Kxf4 e2 64. Re5+ 0-1

[Event "Reader-Aces"]
[Site "?"]
[Date "1999.03.11"]
[Round "?"]
[White "Wentling, C"]
[Black "Golla, R"]
[Result "0-1"]
[WhiteElo "1590"]
[BlackElo "1914"]
[PlyCount "98"]
[EventDate "1999.??.??"]

1. e4 g6 2. d4 Bg7 3. c3 c5 4. Nf3 cxd4 5. cxd4 Nf6 6. Nc3 O-O 7. Be2 d5 8. e5
Ne4 9. O-O Nc6 10. Nxe4 dxe4 11. Ng5 Qxd4 12. Qxd4 Nxd4 13. Bc4 h6 14. Nxe4 Bf5
15. Ng3 Be6 16. Bxe6 Nxe6 17. Bd2 h5 18. Bc3 Nf4 19. Rad1 h4 20. Ne4 Ne2+ 21.
Kh1 Nxc3 22. Nxc3 Bxe5 23. Rde1 Bf6 24. h3 Rfd8 25. Kg1 Kg7 26. Re4 e6 27. Rd1
Rxd1+ 28. Nxd1 Rd8 29. Nc3 Rd2 30. Rb4 b6 31. Na4 Rd1+ 32. Kh2 g5 33. Re4 Rd2
34. Kg1 Bxb2 35. Nxb2 Rxb2 36. a3 Rb3 37. Re3 Rxe3 38. fxe3 Kf6 39. Kf2 Ke5 40.
Ke1 Ke4 41. Ke2 f5 42. Kd2 b5 43. Ke2 a5 44. Kd2 e5 45. Ke2 g4 46. hxg4 fxg4
47. Kd2 h3 48. gxh3 gxh3 49. Ke2 h2 0-1

[Event "Aces-Reader"]
[Site "?"]
[Date "1999.03.11"]
[Round "?"]
[White "Frank, M"]
[Black "Sullivan, C"]
[Result "0-1"]
[WhiteElo "1837"]
[BlackElo "1463"]
[PlyCount "68"]
[EventDate "1999.??.??"]

1. e4 Nc6 2. d4 e6 3. Nf3 d5 4. e5 Bd7 5. Bd3 Be7 6. O-O { } 6... h6 {
How will Black finish development? The Qd8 and Ng8 can't get out, so K is
stuck in center.} 7. Nc3 (7. a3 {idea b4 and White owns 2/3 of the board}) 7...
a6 8. Re1 Nb4 9. Bf1 c5 10. a3 10... Nc6 {
Black has transposed into a playable French Defense setup.} 11. Ne2 Qb6 12. c3
{ } 12... g5 $1 13. h3 f5 14. exf6 Nxf6 15. dxc5 15... Bxc5 { } 16. Ned4 Ne4
17. b4 17... Bd6 { } 18. c4 Qc7 19. cxd5 (19. c5 {
kicks Bd6 off attack, but then Black has the center}) 19... exd5 20. Bb2 {
Bl has great pressure, but his K is a bit exposed} 20... Rf8 (20... O-O $5 {
to make Nxf2 possible and  -g4 come with more punch}) 21. Rc1 { } (21. b5 $1
21... axb5 22. Nxb5 {with idea NxB & Qb3 --Wh is counterattacking}) 21... g4 (
21... Kd8 $2 {or 0-0-0?} 22. b5 $1 22... axb5 23. Nxb5 Qb8 24. Nxd6 { } 24...
Nxd6 (24... Qxd6 $4 25. Rxe4 {Wh won a piece}) 25. Qxd5) 22. Nd2 Bh2+ 23. Kh1
23... O-O-O { idea: Nxf2+ forking/mating} 24. Nxe4 dxe4 25. hxg4 25... Qf4 { }
26. Bxa6 $2 {the B will move again, losing time} (26. b5 axb5 (26... Bxg4 $4
27. Qb3 { } 27... Kb8 (27... axb5 $4 28. Nxc6 bxc6 29. Rxc6+ Kb8 30. Qxb5+) 28.
bxc6) 27. Nxb5 {threat: Qa4, then Rxc6 idea Qa7/a8 mate}) 26... Kb8 27. Nxc6+
Bxc6 28. Bd4 h5 29. Be2 hxg4 30. Bxg4 { } 30... Qh6 31. Bh3 Bf4 32. Rb1 { }
32... e3 33. fxe3 { } 33... Qxh3+ 34. Kg1 Qxg2# 0-1

[Event "Reader-Aces"]
[Site "?"]
[Date "1999.03.11"]
[Round "?"]
[White "Marquez, N"]
[Black "Franek, M"]
[Result "0-1"]
[WhiteElo "1203"]
[BlackElo "1772"]
[PlyCount "60"]
[EventDate "1999.??.??"]

1. d4 Nf6 2. Nc3 d5 3. f4 e6 4. e3 c5 5. Nf3 Nc6 6. Bd2 a6 7. Bd3 Be7 8. O-O
O-O 9. dxc5 Bxc5 10. Na4 Ba7 11. c3 b5 12. Nd4 Nxd4 13. cxd4 bxa4 14. Qxa4 Bd7
15. Qc2 Rc8 16. Bc3 Bb5 17. Bxb5 axb5 18. f5 b4 19. Qa4 bxc3 20. bxc3 Qd7 21.
Qb3 Qc6 22. Rfc1 Qc4 23. Qb7 Rc7 24. Qb2 Qd3 25. Qa3 Qxe3+ 26. Kh1 Ng4 27. Rab1
Nf2+ 28. Kg1 Nh3+ 29. Kh1 Qg1+ 30. Rxg1 Nf2# 0-1

[Event "Aces-Reader"]
[Site "?"]
[Date "1999.03.11"]
[Round "?"]
[White "Litvinas, A"]
[Black "Marsh, M"]
[Result "0-1"]
[WhiteElo "1696"]
[BlackElo "1117"]
[PlyCount "82"]
[EventDate "1999.??.??"]

1. d4 Nf6 2. c4 d6 3. Nc3 g6 4. Nf3 Bg7 5. e4 O-O 6. Be2 e6 7. O-O b6 8. Bg5
Qd7 9. Re1 Bb7 10. Qc2 Nc6 11. a3 Rfe8 12. Rad1 a6 13. b4 d5 14. cxd5 exd5 15.
e5 Ng4 16. Qb3 Ne7 17. h3 Nh6 18. g4 Nxg4 19. hxg4 Qxg4+ 20. Kh1 Qe6 21. Rg1 f6
22. exf6 Bxf6 23. Bxf6 Qxf6 24. Rg2 Rad8 25. Rdg1 Nf5 26. Qd1 Nd6 27. Ne5 Rxe5
28. dxe5 Qxe5 29. Qd3 d4 30. Nd1 Be4 31. Qd2 Bxg2+ 32. Rxg2 b5 33. Nb2 Nf5 34.
Nd3 Qd6 35. Kg1 Rf8 36. Bg4 Nh4 37. Rh2 Nf3+ 38. Bxf3 Rxf3 39. Qh6 Rf7 40. f4
Re7 41. Ne5 Qf6 0-1

[Event "Rooks-Fermi"]
[Site "?"]
[Date "1999.03.17"]
[Round "?"]
[White "Benedek, R"]
[Black "Dorigo, T"]
[Result "1-0"]
[WhiteElo "2146"]
[BlackElo "2182"]
[PlyCount "55"]
[EventDate "1999.??.??"]

1. d4 d5 2. c4 Bf5 3. Nf3 e6 4. Qb3 Nc6 5. c5 Na5 6. Qa4+ c6 7. Bd2 Nc4 8. e3
Nxd2 9. Nbxd2 Nf6 10. b4 a6 11. Ne5 Qc7 12. Ndf3 Ne4 13. g4 Bg6 14. h4 f6 15.
Nxg6 hxg6 16. Bd3 Be7 17. Bxe4 dxe4 18. Nd2 f5 19. Qb3 Qd7 20. Nc4 Qd5 21. Qc3
Qd8 22. Nb6 Rb8 23. Qc4 Kf7 24. h5 Kf6 25. g5+ Kxg5 26. Qxe6 Rxh5 27. Rg1+ Kh4
28. Qe5 1-0

[Event "Rooks-Fermi"]
[Site "?"]
[Date "1999.03.17"]
[Round "?"]
[White "Spiegel, L"]
[Black "Hill, R"]
[Result "1-0"]
[WhiteElo "2063"]
[BlackElo "1954"]
[PlyCount "91"]
[EventDate "1999.??.??"]

1. e4 c5 2. Nf3 d6 3. d4 cxd4 4. Nxd4 Nf6 5. Nc3 g6 6. f4 Nc6 7. Nxc6 bxc6 8.
e5 Nd7 9. Bc4 d5 10. Nxd5 cxd5 11. Qxd5 Nb6 12. Qxf7+ Kd7 13. Be3 Kc6 14. Rd1
Bd7 15. Bxb6 Kxb6 16. Qd5 Qc8 17. e6 Bc6 18. Qd4+ Kb7 19. Qxh8 Qc7 20. O-O Bh6
21. Qd4 Rf8 22. g3 Kb8 23. Rd3 Bb7 24. Bd5 Bxd5 25. Qxd5 Qb6+ 26. Kg2 Rf5 27.
Qxf5 gxf5 28. Rb3 Qxb3 29. axb3 Bg7 30. c3 Kc7 31. Rd1 Bf6 32. Rd7+ Kb6 33. Rd8
Kc6 34. Kf3 Kc7 35. Rd7+ Kb6 36. h3 a6 37. g4 h6 38. Rd8 Kc7 39. Ra8 Kb7 40.
Rf8 Kc6 41. Rxf6 fxg4+ 42. hxg4 exf6 43. Ke4 h5 44. gxh5 Kb6 45. e7 Ka5 46.
e8=Q 1-0

[Event "Rooks-Fermi"]
[Site "?"]
[Date "1999.03.17"]
[Round "?"]
[White "Kabelac, J"]
[Black "Kozlovsky, M"]
[Result "0-1"]
[WhiteElo "1979"]
[BlackElo "2085"]
[PlyCount "58"]
[EventDate "1999.??.??"]

1. d4 e6 2. c4 d5 3. Nc3 Nf6 4. Nf3 Bb4 5. e3 c5 6. Bd3 Nc6 7. a3 Ba5 8. O-O
cxd4 9. exd4 dxc4 10. Bxc4 h6 11. b4 Bb6 12. d5 exd5 13. Re1+ Ne7 14. Nxd5
Nfxd5 15. Qxd5 O-O 16. Qxd8 Bxd8 17. Bb2 Ng6 18. Rad1 Bg4 19. Bd5 Rb8 20. h3
Bxf3 21. Bxf3 Bb6 22. Rd7 Rfd8 23. Ree7 Re8 24. Rxe8+ Rxe8 25. Kf1 Nf4 26. a4
a5 27. Rxb7 Bxf2 28. Kxf2 Nd3+ 29. Kf1 Re1# 0-1

[Event "Royals-Fermi"]
[Site "?"]
[Date "1999.02.02"]
[Round "?"]
[White "Stinson, M"]
[Black "Dorigo, T"]
[Result "0-1"]
[WhiteElo "1962"]
[BlackElo "2182"]
[PlyCount "65"]
[EventDate "1999.??.??"]

1. e4 Nf6 2. e5 Nd5 3. d4 d6 4. c4 Nb6 5. exd6 cxd6 6. Bd3 Nc6 7. Ne2 g6 8. O-O
Bg7 9. Be3 { } 9... Nb4 10. Be4 O-O (10... d5 $1 {opening attack to isolate d4}
) 11. Qd2 11... Bg4 { } 12. Qxb4 ({interesting is:} 12. f3 12... Nxc4 13. Qxb4
Nxe3 14. fxg4 Nxf1 15. Kxf1 {[Reyes] It would be interesting to see if White's
minor pieces can attack more targets than Blacks R.} 15... d5 {
both blocking Pb7 attack and beginning to decrease Be4 scope.} (15... f5 16.
Bd3 $2 (16. Bxb7 $2 16... fxg4+ 17. Kg1 Rb8) (16. Bf3 $2 16... fxg4) (16. gxf5
gxf5 (16... d5 17. Bd3) 17. Bf3) 16... fxg4+) 16. Bd3 (16. Bf3 16... f5 $5 (
16... Qd7 17. Nbc3 17... e6 { } 18. Nb5 $2 18... Rfc8 {
ideas:Rc4,Rac8 and Bh6/f8 or get Qb6 to attack b2 and d4 weaknesses.} 19. Nd6
$2 19... Rc6 20. Nb5 (20. Nxb7 $2 20... Rb8)) 17. Kg1 17... e5 $2 (17... fxg4
18. Bxg4) 18. dxe5 (18. Nbc3 $2 18... e4) 18... Bxe5 19. Qxb7 {
and Pd5 falls since} 19... d4 20. Qxa8 Qxa8 21. Bxa8 21... Rxa8 {
Black is down a piece}) 16... Qd7 17. Nbc3) 12... Bxe2 13. Rc1 f5 14. Bxb7 { }
14... f4 $1 15. Qd2 fxe3 16. Qxe2 { } 16... Rxf2 $5 (16... exf2+ 17. Kf1 Rb8
18. Bf3 18... Bxd4 {idea: e5}) 17. Qxe3 Rxb2 18. Bxa8 18... Qxa8 {
threat: Qxg2#} 19. Nd2 Qc8 20. Rab1 20... Qg4 { threat:Bxd4 pin} 21. Qe4 $2
21... Bxd4+ 22. Kh1 Qxe4 23. Nxe4 23... Rxa2 { } 24. c5 $2 24... dxc5 25. Rf1 (
25. Nxc5 {and Bl passers are scattered}) 25... c4 26. Ng5 c3 27. Ne6 Bf6 28.
Rbd1 { threat:Rd8+ then Rf8#} 28... Rd2 29. Nc5 Bg5 30. Ne4 Rxd1 31. Rxd1 31...
c2 { the Bl P cant be stopped!} 32. Rd8+ Kg7 33. Nxg5 0-1

[Event "Rooks-Fermi"]
[Site "?"]
[Date "1999.03.17"]
[Round "?"]
[White "Baurac, D"]
[Black "Gomez, G"]
[Result "0-1"]
[WhiteElo "1705"]
[BlackElo "1658"]
[PlyCount "54"]
[EventDate "1999.??.??"]

1. d4 d5 2. Nf3 Nf6 3. Bf4 e6 4. e3 c5 5. c3 a6 6. Bd3 Nh5 7. Ne5 Nxf4 8. exf4
cxd4 9. O-O dxc3 10. Nxc3 Nd7 11. Nxf7 Kxf7 12. Qh5+ Kg8 13. Nxd5 Nf6 14. Nxf6+
Qxf6 15. f5 exf5 16. Qe8 Qf7 17. Rfe1 Qxe8 18. Rxe8 Kf7 19. Rae1 b5 20. Bxf5
Bb7 21. R8e2 Bb4 22. Rc1 Ba5 23. Be6+ Kf6 24. Bh3 Rhe8 25. Rec2 Rad8 26. Kf1
Rd2 27. Rxd2 Bxd2 0-1

[Event "Fermi-Royals"]
[Site "?"]
[Date "1999.02.02"]
[Round "?"]
[White "Gaines, I"]
[Black "Dobrovolny, C"]
[Result "1/2-1/2"]
[WhiteElo "1741"]
[BlackElo "1776"]
[PlyCount "76"]
[EventDate "1999.??.??"]

1. d4 Nf6 2. c4 g6 3. Nc3 d5 4. cxd5 Nxd5 5. e4 Nxc3 6. bxc3 Bg7 7. Be3 O-O 8.
Bc4 c5 9. Ne2 Nc6 10. O-O Qc7 11. Rc1 Rd8 12. Qd2 Na5 13. Bd3 a6 14. a4 Bd7 15.
Bc2 Nc4 16. Qd3 Nb2 17. Qd2 Nxa4 18. Ra1 Nb6 19. Bb3 Bb5 20. Qa2 Bxe2 21. Qxe2
cxd4 22. cxd4 Bxd4 23. Bxd4 Rxd4 24. Qf3 e6 25. Rac1 Qe5 26. Rfe1 Rc8 27. Rb1
Nc4 28. Bxc4 Rcxc4 29. Rxb7 f5 30. Qh3 Rc7 31. Rxc7 Qxc7 32. exf5 exf5 33. Qb3+
Kf8 34. Qa3+ Qd6 35. Qa1 Kf7 36. g3 Kf8 37. Qc1 Re4 38. Rd1 Rd4 1/2-1/2

[Event "Fermi-Royals"]
[Site "?"]
[Date "1999.02.02"]
[Round "?"]
[White "Staples, C"]
[Black "Kestner, M"]
[Result "1-0"]
[WhiteElo "1361"]
[BlackElo "1497"]
[PlyCount "75"]
[EventDate "1999.??.??"]

1. Nf3 Nf6 2. c4 c5 3. g3 g6 4. Bg2 Bg7 5. O-O O-O 6. Nc3 Nc6 7. d4 cxd4 8.
Nxd4 Nxd4 9. Qxd4 9... d6 { } 10. Qd3 Rb8 11. b3 Nd7 12. Bb2 Nc5 13. Qc2 { }
13... Be6 14. Rfd1 a6 15. e4 15... Qc7 { } 16. Ne2 Rfc8 17. Bxg7 Kxg7 18. Qb2+
Kg8 19. Nc3 19... b5 { } 20. cxb5 axb5 21. Rac1 Qa7 22. Nd5 Bxd5 23. Rxd5 23...
b4 { } 24. e5 24... Rd8 $2 (24... dxe5 25. Qxe5 (25. Rxe5 $4 25... Nd3) 25...
Ne6 { hitting Rc1 and Pa2} 26. Rxc8+ Rxc8 27. Qa1 Rc2) 25. exd6 { } 25... Rxd6
$4 (25... exd6 26. Qd2 Qb6 (26... Rb6 $4 27. Rcxc5)) 26. Rdxc5 Rbd8 27. Rc8 Qd4
28. Qxd4 Rxd4 29. Rxd8+ 29... Rxd8 { } 30. Rc4 Rb8 31. f4 e6 32. Kf2 Kf8 33. h4
Ke7 34. Ke3 Kf6 35. Be4 h6 36. Kd4 { } 36... Rd8+ 37. Kc5 Rd2 38. Rc2 1-0

[Event "Exemplars-UOP"]
[Site "?"]
[Date "1999.03.25"]
[Round "?"]
[White "Benesa, A"]
[Black "Stevanovic, M"]
[Result "0-1"]
[WhiteElo "2243"]
[BlackElo "2216"]
[PlyCount "140"]
[EventDate "1999.??.??"]

1. Nf3 f5 2. g3 Nf6 3. c4 g6 4. Bg2 Bg7 5. Nc3 O-O 6. O-O d6 7. d4 Qe8 8. b3 e5
9. dxe5 dxe5 10. Bb2 c6 11. b4 e4 12. Nd4 Qf7 13. Qb3 Nbd7 14. Na4 Ng4 15. h3
Nge5 16. c5 Nc4 17. Bc3 Bxd4 18. Bxd4 Re8 19. Rac1 Nde5 20. Rfd1 Be6 21. Ba1
Bd5 22. Qc3 a5 23. Nb2 Nxb2 24. Bxb2 axb4 25. Qxb4 Rxa2 26. Ra1 Rxa1 27. Rxa1
Nc4 28. Bc3 e3 29. fxe3 Bxg2 30. Kxg2 Nxe3+ 31. Kh2 Nc2 32. Qf4 Rxe2+ 33. Kg1
Nxa1 34. Qd4 Kf8 35. Bxa1 Ke8 36. Qh8+ Ke7 37. Be5 Rxe5 38. Qxe5+ Kd7 39. Qb8
Qd5 40. Qxb7+ Ke6 41. Qxh7 Qxc5+ 42. Kg2 Qc2+ 43. Kf1 Qd1+ 44. Kf2 Qd2+ 45. Kf3
Qd3+ 46. Kf2 Qd4+ 47. Kf1 Qf6 48. Qg8+ Kd6 49. Qb8+ Kd5 50. Qb3+ Kc5 51. h4 Qe5
52. Kg1 Qd4+ 53. Kh2 Qc4 54. Qe3+ Qd4 55. Qa3+ Kd5 56. Qa8 Qf2+ 57. Kh3 Qf1+
58. Kh2 Qe2+ 59. Kg1 Qg4 60. Qa2+ Ke5 61. Qa5+ Kd6 62. Qd8+ Kc5 63. Qa5+ Kc4
64. Qa4+ Kd5 65. Qa2+ Qc4 66. Qa8 Ke4 67. Kg2 Kd4 68. Qh8+ Kd3 69. Qf6 Qe4+ 70.
Kg1 Qd4+ 0-1

[Event "UOP-Exemplars"]
[Site "?"]
[Date "1999.03.25"]
[Round "?"]
[White "Buerger, E"]
[Black "Inumerable, F"]
[Result "1-0"]
[WhiteElo "2024"]
[BlackElo "2289"]
[PlyCount "60"]
[EventDate "1999.??.??"]

1. d4 g6 2. c4 Bg7 3. Nc3 c5 4. Nf3 cxd4 5. Nxd4 Nc6 6. e3 Nf6 7. Be2 O-O 8.
O-O d6 9. b3 Bd7 10. Bb2 a6 11. Bf3 Rb8 12. Rc1 Ne5 13. Be2 h5 14. h3 Nc6 15.
Qd2 Nxd4 16. Qxd4 Bc6 17. Qd2 Qa5 18. f4 Rbd8 19. Bf3 d5 20. cxd5 Nxd5 21. Bxd5
Rxd5 22. Qe1 Rd3 23. Na4 Qd2 24. Qxd2 Rxd2 25. Rf2 Rfd8 26. Rc2 Rd1+ 27. Kh2
R8d3 28. Bxg7 Kxg7 29. Nb2 Be4 30. Nxd3 30... Rxd3 {rest of score lost} 1-0

[Event "Exemplars-UOP"]
[Site "?"]
[Date "1999.03.25"]
[Round "?"]
[White "Gazmen, B"]
[Black "Sajbel, P"]
[Result "1-0"]
[WhiteElo "2074"]
[BlackElo "1814"]
[PlyCount "83"]
[EventDate "1999.??.??"]

1. e4 e6 2. Qe2 c5 3. g3 Nc6 4. c3 e5 5. Bg2 Nf6 6. Na3 d6 7. Nc4 Be7 8. Ne3
O-O 9. d3 b5 10. Nf3 Rb8 11. O-O Ng4 12. Nd5 f5 13. h3 Nf6 14. Nxe7+ Nxe7 15.
Nh4 Qe8 16. exf5 Nxf5 17. Nxf5 Bxf5 18. Be3 Qd7 19. Kh2 e4 20. d4 c4 21. d5
Nxd5 22. Bd4 Rbe8 23. a4 Nb6 24. axb5 d5 25. Qh5 Re6 26. Qd1 Rh6 27. h4 Bg4 28.
Qd2 Qc7 29. Kg1 Rf5 30. Be3 Rg6 31. Ra6 Bf3 32. Bxb6 axb6 33. Ra8+ Kf7 34. Rfa1
Ke6 35. R1a7 Qc5 36. Kh2 Bxg2 37. Re8+ Kf6 38. Kxg2 Rxg3+ 39. fxg3 Kg6 40. Re6+
Kh5 41. Rxg7 e3 42. Qe2+ 1-0

[Event "UOP-Exemplars"]
[Site "?"]
[Date "1999.03.25"]
[Round "?"]
[White "Boldingh, E"]
[Black "Sollano, E"]
[Result "0-1"]
[WhiteElo "1853"]
[BlackElo "1938"]
[PlyCount "48"]
[EventDate "1999.??.??"]

1. e4 c5 2. Nf3 d6 3. d4 cxd4 4. Nxd4 Nf6 5. Nc3 a6 6. Bd3 g6 7. O-O Bg7 8. h3
O-O 9. Be3 Nbd7 10. Nb3 e6 11. f4 Qc7 12. g4 b5 13. Bd4 Bb7 14. g5 Nh5 15. Bxg7
Nxg7 16. Qg4 b4 17. Ne2 f5 18. Qg2 e5 19. Nd2 Nb6 20. Ng3 Rae8 21. Qe2 exf4 22.
Rxf4 d5 23. Raf1 Ne6 24. Rh4 Qxg3+ 0-1

[Event "UOP"]
[Site "?"]
[Date "1999.03.25"]
[Round "?"]
[White "Micklich, F"]
[Black "Schoonover, M"]
[Result "1-0"]
[WhiteElo "1630"]
[BlackElo "1333"]
[PlyCount "63"]
[EventDate "1999.??.??"]

1. e4 c5 2. Nf3 d6 3. d4 cxd4 4. Nxd4 Nf6 5. Nc3 a6 6. Be3 e5 7. Nb3 Qc7 8. f3
Be7 9. Qd2 O-O 10. h4 h5 11. O-O-O Be6 12. Kb1 b5 13. Nd5 Nxd5 14. exd5 Bd7 15.
Bg5 Bf5 16. Bd3 Bxd3 17. Qxd3 Re8 18. g4 hxg4 19. fxg4 Bf8 20. Qe4 Nd7 21. h5
Nc5 22. Nxc5 Qxc5 23. h6 Qf2 24. hxg7 Bxg7 25. Qh7+ Kf8 26. Rdf1 Qa7 27. Rf6
Qc7 28. Rhf1 Re7 29. Rg6 f6 30. Rfxf6+ Rf7 31. Qxg7+ Ke8 32. Qg8+ 1-0

[Event "UOP"]
[Site "?"]
[Date "1999.03.25"]
[Round "?"]
[White "Allen, B"]
[Black "Van Zile, C"]
[Result "0-1"]
[WhiteElo "1200"]
[BlackElo "1319"]
[PlyCount "70"]
[EventDate "1999.??.??"]

1. d4 Nf6 2. Nf3 d5 3. Bg5 h6 4. Bf4 Nc6 5. e3 e6 6. c4 Bd6 7. c5 Bxf4 8. exf4
Ne4 9. Nbd2 Qf6 10. Nxe4 dxe4 11. Ne5 Ne7 12. Qd2 O-O 13. g3 Rd8 14. O-O-O Nf5
15. Qc3 Bd7 16. Bg2 Bc6 17. f3 exf3 18. Bxf3 Bxf3 19. Nxf3 c6 20. g4 Nh4 21.
Nxh4 Qxh4 22. h3 Rd7 23. Qe3 Rad8 24. g5 hxg5 25. fxg5 Rxd4 26. Rxd4 Rxd4 27.
Rd1 Rd5 28. g6 Rxd1+ 29. Kxd1 Qh5+ 30. Ke1 Qxg6 31. Kd1 Qb1+ 32. Qc1 Qxa2 33.
Qc2 Qd5+ 34. Kc1 Qg5+ 35. Qd2 Qxc5+ 0-1

[Event "Northrop-Excaliburs"]
[Site "?"]
[Date "1999.04.07"]
[Round "?"]
[White "Minin, S"]
[Black "Sullivan, J"]
[Result "1-0"]
[WhiteElo "2126"]
[BlackElo "1935"]
[PlyCount "79"]
[EventDate "1999.??.??"]

1. d4 d5 2. c4 c6 3. Nc3 Nf6 4. Bg5 e6 5. e3 h6 6. Bh4 Be7 7. cxd5 cxd5 8. Bd3
O-O 9. Nge2 Nbd7 10. Bc2 a6 11. Qd3 b5 12. g4 b4 13. Na4 Ne4 14. Bxe7 Qxe7 15.
Ng3 f5 16. gxf5 exf5 17. Bb3 Ndf6 18. Nb6 Be6 19. Nxa8 Rxa8 20. f3 Rf8 21. fxe4
fxe4 22. Qd2 Ng4 23. Rf1 Rxf1+ 24. Nxf1 Qh4+ 25. Kd1 Nf2+ 26. Kc2 a5 27. a3 Nd3
28. axb4 Nxb4+ 29. Kb1 Qd8 30. Ra4 Kh7 31. Rxb4 axb4 32. Qxb4 Qf6 33. Qe1 Qf3
34. Bd1 Qf7 35. Ng3 g6 36. Qf1 Qe7 37. Qf4 Qb7 38. Qd6 Bf7 39. Ba4 h5 40. Qd7
1-0